| 000 | 00514nam a22001817a 4500 | ||
|---|---|---|---|
| 003 | NUST - PNEC | ||
| 005 | 20170116181027.0 | ||
| 008 | 150917b xxu||||| |||| 00| 0 eng d | ||
| 020 | _a8121922410 | ||
| 040 | _cLIBRARY | ||
| 050 | _a621.382 RAM | ||
| 082 | _a621.382 RAM | ||
| 100 |
_910858 _aRam, S.K. Venkata |
||
| 245 |
_aDigital communications (for the students of electronics and communications) _cS.K. Venkata Ram |
||
| 260 | _cc.2003 | ||
| 650 |
_910861 _aDigital communications _xEL |
||
| 942 |
_2ddc _cBK |
||
| 999 |
_c67579 _d67579 |
||